Fast typing - "Gloves" - Statistics

General Stats
  • This quiz has been taken 7 times
  • The average score is 11 of 16
Answer Stats
Hint Answer % Correct
History is wagging. Its ass at us. Twirling in its silver. Cape. History is wagging. Its ass at us. Twirling in its silver. Cape.
100%
How long. Can you inhale without. Bursting apart. How long. Can you inhale without. Bursting apart.
100%
How long can you speak. Without inhaling. How long can you speak. Without inhaling.
100%
I want to kiss. Your scalp. I want to kiss. Your scalp.
100%
I want you to kiss. My friends. I want you to kiss. My friends.
100%
Can you see the wet. Azalea quivering. On its vine. Its ripening. Can you see the wet. Azalea quivering. On its vine. Its ripening.
80%
Dread. If it never rained again. Dread. If it never rained again.
80%
I would still wear. My coat. I would still wear. My coat.
80%
Still wrap. My socks in plastic. Still wrap. My socks in plastic.
80%
Doing. One thing is a way. Of not doing everything else. Doing. One thing is a way. Of not doing everything else.
60%
Today I answer only. To my war name. Wise. Salt. Today I answer only. To my war name. Wise. Salt.
60%
I can make. A stone float off into. The sky. I can make. A stone float off into. The sky.
40%
I can make. A whole family. Disappear. I can make. A whole family. Disappear.
40%
I know. So many people. Have been awful to you. I know. So many people. Have been awful to you.
40%
I’ve given each one. A number. I’ve given each one. A number.
40%
When you’re ready. I will ask you to draw me. Their hands. When you’re ready. I will ask you to draw me. Their hands.
40%
No matching quizzes found
Score Distribution
Percent of People with Each Score
Percentile by Number Answered
Your Score History
You have not taken this quiz